000 00533nam a22001697a 4500
003 OSt
005 20260309103251.0
008 260309b |||||||| |||| 00| 0 eng d
040 _cMRSPTU
041 _aENG
100 _aHarjeet Singh, Supervisor: Dr. Satinder Singh Sandhu
245 _a Use of Geosynthetics in Subgrade in Road Construction
260 _bDepartment of Civil Engg. MRSPTU, Bathinda
_c2003
650 _aCivil Engineering
856 _uhttp://163.47.215.52:8080/jspui/handle/123456789/1161
942 _2ddc
_cTH
_n0
999 _c11091
_d11091